مكتبة جامعة عجلون الوطنية

فهرس بحث المكتبة

Normal view MARC view
  • التاريخ الاسلامي-المماليك1250-1517-تاريخ العرب-الموسوعات

Entry Topical Term

Number of records used in: 1

001 - CONTROL NUMBER

  • control field: 60313

003 - CONTROL NUMBER IDENTIFIER

  • control field: JO-AjAnu

005 - DATE AND TIME OF LATEST TRANSACTION

  • control field: 20230606083847.0

008 - FIXED-LENGTH DATA ELEMENTS

  • fixed length control field: 230606|| aca||aabn | a|a d

040 ## - CATALOGING SOURCE

  • Original cataloging agency: JO-AjAnu
  • Transcribing agency: JO-AjAnu

150 ## - HEADING--TOPICAL TERM

  • Topical term or geographic name entry element: التاريخ الاسلامي-المماليك1250-1517-تاريخ العرب-الموسوعات

670 ## - SOURCE DATA FOUND

  • Source citation: Work cat.: (JO-AjAnu)30757: تاليف الزيدي، مفيد, author 60312, موسوعة التاريخ الاسلامي: العصر المملوكي(648-923هـ / 1258-1517م)